Regions of Djibouti with a Map - Statistics

General Stats
  • This quiz has been taken 1,438 times
  • The average score is 4 of 6
Answers on the Map
Answers color-coded by a green-red scale on the quiz's map according to % correct below.
 
Answer Stats
Region % Correct
Djibouti
97%
Arta
55%
Obock
54%
Tadjourah
50%
Ali Sabieh
49%
Dikhil
48%
No matching quizzes found
Score Distribution
Percent of People with Each Score
Percentile by Number Answered
Your Score History
You have not taken this quiz